| 000 | 01368pam a2200385 a 4500 | ||
|---|---|---|---|
| 001 | 5900 | ||
| 003 | FISKH | ||
| 005 | 20250605093352.0 | ||
| 008 | 951211s1997 caua j 000 0 eng | ||
| 010 | _a 95052616 | ||
| 020 | _a0152013075 | ||
| 020 | _a9780152024376 | ||
| 040 |
_aDLC _cDLC _dDLC _beng |
||
| 050 | _aPS3556.L589 I5 | ||
| 082 | _a 811.54 | ||
| 100 | 1 |
_aFlorian, Douglas. _d(1950-) |
|
| 245 | 1 | 0 |
_aIn the swim : _bpoems and paintings / _cby Douglas Florian. |
| 250 | _aThis edition first published in 2001 | ||
| 260 |
_aNew York : _bVoyager, _c1997. |
||
| 300 |
_a47 pages : _bcolor illustrations ; _c25 cm x 25 cm |
||
| 505 | _aL | ||
| 520 | _aA collection of humorous poems about such underwater creatures as the starfish, piranha, and clam. | ||
| 521 | 8 |
_a510
_bLexile estimate |
|
| 521 | 8 |
_aL
_bRaz-Plus |
|
| 650 | 0 |
_aMarine animals _vJuvenile poetry. |
|
| 650 | 0 |
_aChildren's poetry, American. _2Flying fish |
|
| 650 | 1 |
_aMarine animals _vPoetry. |
|
| 650 | 1 | _aHumorous poetry. | |
| 650 | 1 | _aAmerican poetry. | |
| 856 | 4 | 2 |
_3Publisher description _uhttp://www.loc.gov/catdir/description/har041/95052616.html |
| 856 | 4 | 2 |
_3Contributor biographical information _uhttp://www.loc.gov/catdir/enhancements/fy0733/95052616-b.html |
| 906 |
_a7 _bcbc _corignew _d1 _eocip _f19 _gy-gencatlg |
||
| 942 |
_2ddc _cBK _n0 |
||
| 999 |
_c5900 _d5900 |
||